[Event "BCF-ch"]
[Site "Blackpool"]
[Date "1971.??.??"]
[Round "9"]
[White "Whiteley, Andrew J"]
[Black "Cafferty, Bernard"]
[Result "1/2-1/2"]
[WhiteElo "2310"]
[BlackElo "2440"]

1.d4 Nf6 2.c4 e6 3.Nc3 Bb4 4.Qc2 O-O 5.a3 Bxc3+ 6.Qxc3 b6 7.Bg5 Bb7 8.e3 d6
9.f3 Nbd7 10.Bd3 c5 11.Ne2 Rc8 12.O-O h6 13.Bh4 Ba6 14.d5 Ne5 15.e4 Nxd3
16.Qxd3 e5 17.b3 g5 18.Bf2 Ne8 19.g4 Rc7 20.Kg2 f6 21.Rh1 Rh7 22.h4 Qd7 23.a4 Rff7
24.Ng3 Ng7 25.Be3 Bc8  1/2-1/2

[Event "HUN-ch"]
[Site "Budapest"]
[Date "1971.??.??"]
[Round "13"]
[White "Forintos, Gyozo V"]
[Black "Polgar, Istvan"]
[Result "0-1"]
[WhiteElo "2485"]
[BlackElo "2380"]

1.d4 Nf6 2.c4 e6 3.Nc3 Bb4 4.Qc2 O-O 5.a3 Bxc3+ 6.Qxc3 b6 7.Bg5 Bb7 8.e3 d6
9.f3 Nbd7 10.Bd3 e5 11.Bf5 h6 12.Bh4 c5 13.d5 Bc8 14.Bf2 b5 15.cxb5 Nxd5
16.Qd2 N7b6 17.Be4 Be6 18.Bxd5 Nxd5 19.e4 Nf4 20.g3 Ng6 21.Ne2 Qf6 22.Qc3 Bh3
23.Rg1 Bd7 24.a4 a6 25.bxa6 Rxa6 26.b3 Rb8 27.Nc1 Be6 28.Kf1 Ne7 29.Qd3 Rc6
30.Kg2 Bxb3 31.a5 c4 32.Qc3 d5 33.f4 d4 34.Qf3 Bc2 35.Ra2 Bb1 36.Ra1 Rb2
37.Re1 d3 38.Ne2 Bc2 39.Nc3 exf4 40.e5 Qe6 41.Qxf4 Nd5 42.Qc1 Rb3 43.Ne4 c3
44.Kg1 Nb4 45.Bb6 Qd5 46.Qf4 d2 47.Nf6+ gxf6 48.exf6 dxe1=Q+ 49.Rxe1 Qd2
50.Qg4+ Bg6 51.Rd1 Qxd1+ 52.Qxd1 Rb1  0-1

[Event "HUN-ch"]
[Site "Budapest"]
[Date "1971.??.??"]
[Round "17"]
[White "Toth, Bela"]
[Black "Portisch, Lajos"]
[Result "1/2-1/2"]
[WhiteElo "2400"]
[BlackElo "2630"]

1.d4 Nf6 2.c4 e6 3.Nc3 Bb4 4.Qc2 O-O 5.a3 Bxc3+ 6.Qxc3 b6 7.Nf3 Bb7 8.g3 c5
9.dxc5 bxc5 10.Bg2 Ne4 11.Qc2 Qa5+ 12.Nd2 Nd6 13.Bxb7 Nxb7 14.O-O Nc6 15.Nf3 Qc7
16.Bd2 a5 17.Bc3 a4 18.Rad1 h6 19.Rd2 d6 20.Rfd1 e5 21.e3 f5 22.Nh4 Qd7 23.Ng6 Rfe8
24.Nh4 e4 25.Ng6 Qe6 26.Nf4 Qxc4 27.Rxd6 Nxd6 28.Rxd6 Ne5 29.Qd1 Qb3 30.Qh5 Qf7
31.Qd1 Qb3 32.Qxb3+ axb3 33.Rd5 Nf3+ 34.Kg2 Rad8 35.Rxc5 Rd1 36.h4 Ne1+ 37.Kh3 Rf8
38.Ne2 Nd3 39.Rb5 Nxb2 40.Bxb2 Rd2 41.Rxb3 Rxe2 42.Kg2 Rc8 43.Bc3 Rc2 44.Bd4 h5
45.Rb5 g6 46.Rb6 R8c6 47.Rb8+ Kf7 48.Be5 Ra2 49.g4 hxg4 50.Rb7+ Ke6 51.Bg3 Rcc2
52.Rb6+ Kd5 53.Rd6+ Kc4 54.Rf6 Kd3 55.h5 gxh5 56.Rxf5 Re2 57.Rd5+ Kc4 58.Rd4+ Kb3
59.Rxe4 Re1 60.Rb4+ Kc2 61.a4 Raa1 62.Bh2 Kd3 63.Rb3+ Kc2 64.Rb4 Reb1 65.Rd4 Rd1
66.Rb4  1/2-1/2

[Event "Hoogovens-B"]
[Site "Wijk aan Zee"]
[Date "1971.??.??"]
[Round "?"]
[White "Forintos, Gyozo V"]
[Black "Van Scheltinga, Theo D"]
[Result "1-0"]
[WhiteElo "2500"]
[BlackElo "2370"]

1.d4 Nf6 2.c4 e6 3.Nc3 Bb4 4.Qc2 O-O 5.a3 Bxc3+ 6.Qxc3 b6 7.Bg5 Bb7 8.e3 d6
9.f3 Nbd7 10.Bd3 e5 11.Bf5 exd4 12.Qxd4 h6 13.Bh4 Qe8 14.Ne2 c5 15.Qd2 g5
16.Bg3 d5 17.cxd5 Bxd5 18.Bd6 Bxf3 19.gxf3 Ne5 20.Bxe5 Qxe5 21.e4  1-0

[Event "JUG-ch"]
[Site "Umag"]
[Date "1972.??.??"]
[Round "14"]
[White "Nemet, Ivan"]
[Black "Parma, Bruno"]
[Result "1/2-1/2"]
[WhiteElo "2415"]
[BlackElo "2510"]

1.d4 Nf6 2.c4 e6 3.Nc3 Bb4 4.Qc2 O-O 5.a3 Bxc3+ 6.Qxc3 d6 7.f3 Re8 8.e4 e5
9.Be3 exd4 10.Bxd4 Nc6 11.Bxf6 Qxf6 12.Qxf6 gxf6 13.g4 f5 14.gxf5 Bxf5 15.Ne2 Be6
16.Rg1+ Kh8 17.Nf4 f5 18.Nxe6 Rxe6 19.Bh3 Nd4 20.Kf2 Rh6 21.Bxf5 Rxh2+ 22.Kg3 Rxb2
23.Rh1 Rg8+ 24.Kf4 Rg7 25.Rab1 Rxb1 26.Rxb1 b6 27.c5 dxc5 28.Bg4 Kg8 29.e5 c4
30.Ke4 c5 31.Rc1 b5 32.a4 a6 33.axb5 axb5 34.Kd5 h5 35.Bxh5 Ne2  1/2-1/2

[Event "EU-chT"]
[Site "Bath"]
[Date "1973.??.??"]
[Round "6"]
[White "Whiteley, Andrew J"]
[Black "Parma, Bruno"]
[Result "1/2-1/2"]
[WhiteElo "2340"]
[BlackElo "2500"]

1.d4 Nf6 2.c4 e6 3.Nc3 Bb4 4.Qc2 O-O 5.a3 Bxc3+ 6.Qxc3 d6 7.Bg5 Re8 8.Nf3 Nbd7
9.e3 e5 10.Be2 Qe7 11.dxe5 dxe5 12.Nd2 a5 13.Rc1 h6 14.Bh4 Nc5 15.b4 axb4
16.axb4 Nce4 17.Bxf6 Nxc3 18.Bxe7 Nxe2 19.Kxe2 Rxe7  1/2-1/2

[Event "HUN-ch"]
[Site "?"]
[Date "1973.??.??"]
[Round "?"]
[White "Forintos, Gyozo V"]
[Black "Eperjesi, Laszlo"]
[Result "1-0"]
[WhiteElo "2460"]
[BlackElo "2200"]

1.d4 Nf6 2.c4 e6 3.Nc3 Bb4 4.Qc2 O-O 5.a3 Bxc3+ 6.Qxc3 b6 7.Bg5 Bb7 8.e3 d6
9.f3 Nbd7 10.Bd3 c5 11.Ne2 cxd4 12.Qxd4 Ne5 13.e4 Rc8 14.b3 h6 15.Bh4 a6
16.O-O Nc6 17.Qb2 Ne5 18.Rfd1 b5 19.cxb5 axb5 20.Bxb5 Qb6+ 21.Nd4 Ng6 22.Bf2 e5
23.Nf5 Qxb5 24.Nxd6 Qa6 25.b4 Rc7 26.a4 Nf4 27.b5 Qa5 28.Kh1 Rd8 29.Be1 Qa8
30.Qxe5 Ne2 31.Bh4 Rcd7 32.Bxf6 gxf6 33.Qxf6 Qa5 34.Rd3 Qb6 35.e5 Rc8 36.Qxh6 Rc2
37.Nf5 Ng3+ 38.hxg3  1-0

[Event "Rimavska Sobota"]
[Site "Rimavska Sobota"]
[Date "1974.??.??"]
[Round "1"]
[White "Farago, Ivan"]
[Black "Adamski, Jan"]
[Result "1/2-1/2"]
[WhiteElo "2475"]
[BlackElo "2405"]

1.d4 Nf6 2.c4 e6 3.Nc3 Bb4 4.Qc2 O-O 5.Nf3 c5 6.dxc5 Na6 7.a3 Bxc3+ 8.Qxc3 Nxc5
9.e3 b6 10.b4 Nce4 11.Qd4 Bb7 12.Bb2 d5 13.Ne5 dxc4  1/2-1/2

[Event "DSV-Turnier"]
[Site "Leipzig"]
[Date "1975.??.??"]
[Round "12"]
[White "Knaak, Rainer"]
[Black "Tukmakov, Vladimir B"]
[Result "0-1"]
[WhiteElo "2510"]
[BlackElo "2570"]

1.d4 Nf6 2.c4 e6 3.Nc3 Bb4 4.Qc2 O-O 5.a3 Bxc3+ 6.Qxc3 d5 7.Nf3 b6 8.cxd5 Ne4
9.Qc2 exd5 10.e3 c5 11.b3 Bf5 12.Bd3 Nd7 13.Bb2 Rc8 14.Qe2 Re8 15.Ba6 Rc6
16.h3 Rh6 17.Bb5 Re7 18.Rc1 Bg4 19.Qf1 Be6 20.Qe2 Bg4 21.Qc2 Bf5 22.Qd1 Nb8
23.Ne5 Rc7 24.dxc5 bxc5 25.O-O Rb6 26.Bd3 f6 27.Nc4 Re6 28.Na5 Rd6 29.h4 Qc8
30.Kh2 Rd8 31.Qf3 Qe6 32.Kg1 Nd7 33.Qf4 Ne5 34.Be2 Rdc8 35.Rfd1 Re8 36.b4 Ng6
37.Qh2 Nxf2 38.Qg3 Nxd1 39.Bxd1 Qxe3+ 40.Kh2 Qxg3+  0-1

[Event "Haifa ol (Men)"]
[Site "Haifa"]
[Date "1976.??.??"]
[Round "?"]
[White "Toth, Bela"]
[Black "Balinas, Rosendo Carrean"]
[Result "1-0"]
[WhiteElo "2405"]
[BlackElo "2365"]

1.d4 Nf6 2.c4 e6 3.Nc3 Bb4 4.Qc2 O-O 5.a3 Bxc3+ 6.Qxc3 Ne4 7.Qc2 f5 8.Nf3 d6
9.g3 a5 10.b3 Nd7 11.Bg2 a4 12.b4 c6 13.O-O d5 14.c5 b6 15.cxb6 Qxb6 16.Bf4 Ba6
17.Ne5 Nxe5 18.Bxe5 Bc4 19.Rac1 Qd8 20.Rfe1 Qe8 21.f3 Ng5 22.Bf4 Qh5 23.Bxg5 Qxg5
24.f4 Qh5 25.Qd2 Bb5 26.Qe3 Rf6 27.Bf3 Qh3 28.Qf2 Rb8 29.e3 h5 30.Qg2 Qxg2+
31.Kxg2 g6 32.Be2 Rb6 33.Kh3 Rf7 34.Bxb5 cxb5 35.Kh4 Kg7 36.Kg5 h4 37.Rc8 hxg3
38.hxg3 Rbb7 39.Rh1 Rf8 40.Rc6 Re8 41.Rh6 Kg8 42.Rxg6+ Kf7 43.Rf6+  1-0

[Event "URS-FL"]
[Site "Ashkhabad"]
[Date "1978.??.??"]
[Round "8"]
[White "Kakageldyev, Amanmurad"]
[Black "Jussupow, Artur"]
[Result "1/2-1/2"]
[WhiteElo "2415"]
[BlackElo "2450"]

1.d4 Nf6 2.c4 e6 3.Nc3 Bb4 4.Qc2 O-O 5.Nf3 b6 6.g3 Bb7 7.Bg2 d6 8.Bd2 Nbd7
9.O-O c5 10.dxc5 Nxc5 11.Rfd1 Qe7 12.b3 Rac8 13.Qb2 Rfd8 14.Rac1 h6 15.h3 Bxc3
16.Bxc3 e5 17.Bd2 Nfe4 18.Be3 f5 19.b4 Ne6 20.Nd2 Nf6 21.Bxb7 Qxb7 22.Nf3 Qf7
23.c5 bxc5 24.bxc5 f4 25.gxf4 e4 26.Nd4 dxc5 27.Nxe6 Rxd1+ 28.Rxd1 Qxe6 29.Kh2 c4
30.Qe5 Qf7 31.Qf5 Re8 32.Rc1 Rd8 33.Qc5 Kh7 34.Qxc4 Rd5 35.Qc7 Qh5 36.Rg1 Rd7
37.Qc4 Qf5 38.Qc8 Nh5 39.Rg4 Rf7 40.Qc4 Nf6 41.Rg1 Nd5  1/2-1/2

[Event "Buenos Aires ol (Men)"]
[Site "Buenos Aires"]
[Date "1978.??.??"]
[Round "?"]
[White "Ree, Hans"]
[Black "Liang Jinrong"]
[Result "1/2-1/2"]
[WhiteElo "2500"]
[BlackElo "2200"]

1.d4 Nf6 2.c4 e6 3.Nc3 Bb4 4.Qc2 O-O 5.a3 Bxc3+ 6.Qxc3 d5 7.e3 b6 8.Nf3 Bb7
9.b4 Nbd7 10.Bb2 c5 11.dxc5 bxc5 12.Be2 cxb4 13.axb4 dxc4 14.Qxc4 Qe7 15.O-O Rfc8
16.Qd4 Rc2 17.Bd3 e5 18.Nxe5 Rxb2 19.Nxd7 Qxd7 20.Bxh7+ Kxh7 21.Qxb2 Bxg2
22.Kxg2 Qg4+ 23.Kh1 Qf3+ 24.Kg1  1/2-1/2

[Event "Jurmala"]
[Site "Jurmala"]
[Date "1978.??.??"]
[Round "13"]
[White "Nogueiras, Jesus"]
[Black "Vitolinsh, Alvis"]
[Result "0-1"]
[WhiteElo "2385"]
[BlackElo "2415"]

1.d4 Nf6 2.c4 e6 3.Nc3 Bb4 4.Qc2 O-O 5.a3 Bxc3+ 6.Qxc3 b6 7.Bg5 Bb7 8.Nf3 d6
9.e3 Nbd7 10.Qc2 Bxf3 11.gxf3 c5 12.Rd1 Rc8 13.Be2 d5 14.dxc5 Rxc5 15.b4 Rc7
16.Qa2 dxc4 17.Bf4 b5 18.Bxc7 Qxc7 19.Qb2 Nd5 20.Qd4 N7b6 21.f4 a5 22.Rg1 g6
23.bxa5 Na4 24.Kf1 Qxa5 25.f5 Nac3 26.fxg6 fxg6 27.Bg4 Rf6 28.Ra1 Qc7 29.Kg2 e5
30.Qd2 Qc6 31.f3 h5 32.Bxh5 gxh5 33.Kh1+ Kf7 34.e4 Rxf3 35.exd5 Nxd5 36.Rad1 Nf4
37.Qd7+ Qxd7 38.Rxd7+ Ke6 39.Rb7 Rb3 40.Rd1 Nd3 41.Kg2 e4 42.Ra1 c3 43.Rc7 Kd6
44.Rc8 Kd7 45.Rf8 c2 46.Rff1 Kd6 47.Rfc1 Nxc1 48.Rxc1 Rb2 49.Kf2 Kd5 50.Ke3 Kc4
51.Kd2 e3+  0-1

[Event "Kiev"]
[Site "Kiev"]
[Date "1978.??.??"]
[Round "7"]
[White "Knezevic, Milorad"]
[Black "Adamski, Jan"]
[Result "1/2-1/2"]
[WhiteElo "2505"]
[BlackElo "2470"]

1.d4 Nf6 2.c4 e6 3.Nc3 Bb4 4.Qc2 O-O 5.a3 Bxc3+ 6.Qxc3 b6 7.Nf3 Bb7 8.g3 c5
9.dxc5 bxc5 10.Bg2 d6 11.O-O a5 12.Rd1 Nbd7 13.b3 Qc7 14.Bb2 Rfd8 15.Rac1 h6  1/2-1/2

[Event "Kiev"]
[Site "Kiev"]
[Date "1978.??.??"]
[Round "9"]
[White "Knezevic, Milorad"]
[Black "Peresipkin, Vladimir"]
[Result "1/2-1/2"]
[WhiteElo "2505"]
[BlackElo "2200"]

1.d4 Nf6 2.c4 e6 3.Nc3 Bb4 4.Qc2 O-O 5.a3 Bxc3+ 6.Qxc3 a6 7.e3 b6 8.Nf3 Bb7
9.Be2 d6 10.O-O Nbd7 11.b4 Ne4 12.Qc2 f5  1/2-1/2

[Event "Kamen Piskov mem 2"]
[Site "Ruse"]
[Date "1978.??.??"]
[Round "8"]
[White "Filchev, Rusko"]
[Black "Donev, Ivo Hristov"]
[Result "1/2-1/2"]
[WhiteElo "2200"]
[BlackElo "2200"]

1.c4 Nf6 2.d4 e6 3.Nc3 Bb4 4.Qc2 O-O 5.Nf3 d5 6.a3 Bxc3+ 7.Qxc3 Ne4 8.Qc2 b6
9.e3 Bb7 10.Bd3 Nd7 11.O-O h6 12.b4 f5 13.c5 c6 14.Bb2 Qe7 15.Nd2 a5 16.Nb3 a4
17.Nc1 Ba6 18.f3 Nef6 19.Bxa6 Rxa6 20.cxb6 Qd6 21.Nd3 Nxb6 22.Ne5 Nfd7 23.Rfc1 Rc8
24.Nxc6 Nc4 25.Ne5 Ndxe5 26.dxe5 Qb6 27.Bd4 Qb5 28.f4 Rac6 29.Qd3 Kh7 30.g4 g6
31.gxf5 gxf5 32.Kh1 Rg8 33.Rg1 Rcc8 34.Rxg8 Rxg8 35.Rg1 Rxg1+ 36.Kxg1 Qe8
37.Bc5 Qh5 38.b5 Qg4+ 39.Kf2 Qh4+ 40.Kg1 Qg4+ 41.Kf1 Qh3+ 42.Ke1 Qh4+  1/2-1/2

[Event "URS-ch U26"]
[Site "Vilnius"]
[Date "1978.??.??"]
[Round "13"]
[White "Agzamov, Georgy"]
[Black "Jussupow, Artur"]
[Result "1/2-1/2"]
[WhiteElo "2390"]
[BlackElo "2450"]

1.d4 Nf6 2.c4 e6 3.Nc3 Bb4 4.Qc2 O-O 5.Nf3 d6 6.Bd2 Nbd7 7.a3 Bxc3 8.Bxc3 Qe7
9.e3 b6 10.Be2 Bb7 11.O-O Ne4 12.Nd2 Nxc3 13.Qxc3 c5 14.Bf3 Nf6 15.Rfd1 Rfd8
16.Rac1 Rac8 17.dxc5 dxc5 18.Qc2 h6 19.Bxb7  1/2-1/2

[Event "Lone Pine op"]
[Site "Lone Pine"]
[Date "1979.??.??"]
[Round "7"]
[White "Bohm, Hans"]
[Black "Pachman, Ludek"]
[Result "0-1"]
[WhiteElo "2410"]
[BlackElo "2510"]

1.d4 Nf6 2.c4 e6 3.Nc3 Bb4 4.Qc2 O-O 5.Bg5 c5 6.e3 h6 7.Bh4 cxd4 8.exd4 Nc6
9.Nf3 d5 10.O-O-O Be7 11.c5 b6 12.Bb5 Bb7 13.Qa4 Ne4 14.Bxe7 Nxe7 15.c6 Nxc3
16.bxc3 Bc8 17.Ne5 a6 18.g4 f6 19.Nd3 Qc7 20.Nb4 Ra7 21.Be2 b5 22.Qc2 Nxc6
23.Nd3 e5 24.Nc5 exd4 25.cxd4 Qf4+ 26.Qd2 Nxd4  0-1

[Event "Munich+"]
[Site "Munich"]
[Date "1979.??.??"]
[Round "?"]
[White "Sigurjonsson, Gudmundur"]
[Black "Karpov, Anatoly"]
[Result "1/2-1/2"]
[WhiteElo "2490"]
[BlackElo "2705"]

1.d4 Nf6 2.c4 e6 3.Nc3 Bb4 4.Qc2 O-O 5.a3 Bxc3+ 6.Qxc3 d6 7.Bg5 Nbd7 8.e3 b6
9.Bd3 Bb7 10.f3 c5 11.Ne2 Rc8 12.O-O h6 13.Bh4 d5 14.cxd5 Nxd5 15.Qe1 N5f6
16.Rd1 a6 17.Bb1 Qe7 18.e4 cxd4 19.Nxd4 Ne5 20.f4 Ng6 21.Bxf6 Qxf6 22.e5 Qe7
23.Qg3 Nh4 24.f5 exf5 25.Nxf5 Nxf5 26.Bxf5 Rce8 27.Rd6 Qxe5 28.Qxe5 Rxe5
29.Rxb6 Be4 30.Bxe4 Rxe4  1/2-1/2

[Event "Stary Smokovec"]
[Site "Stary Smokovec"]
[Date "1979.??.??"]
[Round "?"]
[White "Knezevic, Milorad"]
[Black "Adamski, Jan"]
[Result "1/2-1/2"]
[WhiteElo "2500"]
[BlackElo "2415"]

1.d4 Nf6 2.c4 e6 3.Nc3 Bb4 4.Qc2 O-O 5.a3 Bxc3+ 6.Qxc3 b6 7.Bg5 Bb7 8.e3 d6
9.f3 Nbd7 10.Bd3 c5 11.Ne2 Rc8 12.O-O cxd4 13.Qxd4 Ne5 14.e4 Ba6 15.b3 Nxd3
16.Qxd3 b5 17.cxb5 Qb6+ 18.Be3  1/2-1/2

[Event "Reggio Emilia8081"]
[Site "Reggio Emilia"]
[Date "1980.??.??"]
[Round "10"]
[White "Braunberger, Federico"]
[Black "Renman, Nils Gustaf"]
[Result "0-1"]
[WhiteElo "2200"]
[BlackElo "2425"]

1.d4 Nf6 2.c4 e6 3.Nc3 Bb4 4.Qc2 O-O 5.Nf3 c5 6.dxc5 Na6 7.Bf4 Nxc5 8.e3 Nfe4
9.Be2 Qa5 10.O-O Bxc3 11.bxc3 Qxc3 12.Rac1 Qxc2 13.Rxc2 d6 14.Nd2 e5 15.Nxe4 Nxe4
16.Bg3 Bf5 17.Rb2 b6 18.f3 Nxg3 19.hxg3 Rac8 20.Rd1 Rfd8 21.Rbd2 Rc6 22.e4 Be6
23.a4 Kf8 24.a5 bxa5 25.c5 Rxc5 26.Rxd6 Rxd6 27.Rxd6 Bc8 28.Kf2 a4 29.Rd1 Be6
30.Ra1 Bb3 31.Bd1 Bxd1 32.Rxd1 a3 33.Ra1 Rc2+ 34.Kf1 a2  0-1

[Event "Smederevska Palanka"]
[Site "Smederevska Palanka"]
[Date "1980.??.??"]
[Round "?"]
[White "Ree, Hans"]
[Black "Stean, Michael"]
[Result "0-1"]
[WhiteElo "2520"]
[BlackElo "2530"]

1.d4 Nf6 2.c4 e6 3.Nc3 Bb4 4.Qc2 O-O 5.a3 Bxc3+ 6.Qxc3 b6 7.Bg5 Bb7 8.e3 d6
9.f3 Nbd7 10.Bd3 c5 11.Ne2 Rc8 12.O-O Ba6 13.Rac1 cxd4 14.Qxd4 Nc5 15.Ng3 Nxd3
16.Qxd3 h6 17.Bxf6 Qxf6 18.b3 d5 19.Rf2 Rfd8 20.Qe2 Qe7 21.Rc3 Qxa3 22.Qa2 Qxa2
23.Rxa2 dxc4 24.Rxa6 cxb3 25.Rxb3 Rc1+ 26.Nf1 Rdd1 27.Kf2 Rxf1+ 28.Kg3 Rc2
29.Rxa7 Rff2 30.Kf4 Rxg2 31.Rxb6 g5+ 32.Ke4 Rc5 33.Rb8+ Kg7 34.Re8 Rb2 35.Rxe6 Rb4+
36.Kd3 Rf5 37.f4 gxf4 38.e4 Rh5 39.Kc3 Ra4 40.Rxa4 fxe6 41.Kd4 Kf6 42.Ra8 Kg5
43.Ke5 Kg4+ 44.Kxe6 f3 45.Rf8 Rxh2 46.e5 Rd2 47.Ke7 h5 48.e6 h4 49.Rg8+ Kh3
50.Rd8 Re2 51.Kd7 f2 52.Rf8 Kg2 53.Rg8+ Kf1  0-1

[Event "Yerevan"]
[Site "Yerevan"]
[Date "1980.??.??"]
[Round "3"]
[White "Knezevic, Milorad"]
[Black "Vitolinsh, Alvis"]
[Result "1/2-1/2"]
[WhiteElo "2490"]
[BlackElo "2430"]

1.d4 Nf6 2.c4 e6 3.Nc3 Bb4 4.Qc2 O-O 5.a3 Bxc3+ 6.Qxc3 b6 7.Bg5 Bb7 8.e3 d6
9.f3 Nbd7 10.Bd3 c5 11.Ne2 cxd4 12.Qxd4 h6 13.Bh4 Qc7 14.e4 Qc5 15.Qxc5  1/2-1/2

[Event "HUN-ch"]
[Site "Budapest"]
[Date "1981.??.??"]
[Round "?"]
[White "Farago, Ivan"]
[Black "Groszpeter, Attila"]
[Result "1-0"]
[WhiteElo "2535"]
[BlackElo "2435"]

1.d4 Nf6 2.c4 e6 3.Nc3 Bb4 4.Qc2 O-O 5.a3 Bxc3+ 6.Qxc3 b6 7.Nf3 Bb7 8.b4 d6
9.Bb2 Nbd7 10.e3 Ne4 11.Qc2 f5 12.Bd3 Ng5 13.d5 Nxf3+ 14.gxf3 Ne5 15.O-O-O Qe7
16.Rhg1 Rf7 17.f4 Nxd3+ 18.Qxd3 exd5 19.cxd5 Re8 20.Rg5 Qd7 21.Rdg1 Ree7
22.b5 Bc8 23.f3 Kf8 24.h4 Ke8 25.h5 Kd8 26.e4 fxe4 27.fxe4 Qh3 28.Qxh3 Bxh3
29.e5 Rxf4 30.e6 a6 31.bxa6 c6 32.Rxg7 cxd5 33.a7 Rc4+ 34.Kd2  1-0

[Event "Gausdal Int"]
[Site "Gausdal"]
[Date "1981.??.??"]
[Round "9"]
[White "Forintos, Gyozo V"]
[Black "Ogaard, Leif"]
[Result "0-1"]
[WhiteElo "2465"]
[BlackElo "2470"]

1.d4 Nf6 2.c4 e6 3.Nc3 Bb4 4.Qc2 O-O 5.a3 Bxc3+ 6.Qxc3 b6 7.Bg5 Bb7 8.e3 d6
9.f3 Nbd7 10.Bd3 c5 11.Ne2 Rc8 12.O-O Ba6 13.b3 h6 14.Bh4 d5 15.Rac1 Qe7
16.Qb2 dxc4 17.bxc4 cxd4 18.exd4 e5 19.Bf5 Rxc4 20.Bxd7 Qxd7 21.Rxc4 Bxc4
22.dxe5 Nd5 23.Re1 Rc8 24.Bf2 b5 25.Qd2 Qe7 26.Nd4 a6 27.h4 Qxa3 28.Nf5 Qd3
29.Qxd3 Bxd3 30.Nd6 Rc3 31.Bd4 Rc6 32.g3 b4 33.Rd1 Bc2 34.Rd2 b3 35.Kf2 a5
36.f4 Nc3 37.Ke3 b2  0-1

[Event "DSV-Turnier"]
[Site "Halle"]
[Date "1981.??.??"]
[Round "12"]
[White "Chekhov, Valery A"]
[Black "Tischbierek, Raj"]
[Result "1-0"]
[WhiteElo "2435"]
[BlackElo "2380"]

1.d4 Nf6 2.c4 e6 3.Nc3 Bb4 4.Qc2 O-O 5.a3 Bxc3+ 6.Qxc3 b6 7.Nf3 Bb7 8.b4 d6
9.Bb2 Nbd7 10.e3 Ne4 11.Qc2 f5 12.Bd3 Ndf6 13.O-O Qe8 14.Nd2 Nxd2 15.Qxd2 Be4
16.Be2 Bb7 17.Bd3 Be4 18.Be2 Bb7 19.f3 Qe7 20.Qc2 g6 21.Qc3 a5 22.Bd3 Rfe8
23.Rae1 d5 24.c5 bxc5 25.dxc5 e5 26.c6 Bc8 27.b5 Qg7 28.a4 g5 29.Bc2 g4 30.f4 g3
31.h3 Ng4 32.fxe5 Nf2 33.e6 Qxc3 34.Bxc3 Rxe6 35.Bxf5 Re7 36.Bc2 Be6 37.Bf6 Rf7
38.Be5 d4 39.exd4 Bc4 40.Bxg3  1-0

[Event "Porz"]
[Site "Porz"]
[Date "1981.??.??"]
[Round "?"]
[White "Knezevic, Milorad"]
[Black "Gerusel, Mathias"]
[Result "1-0"]
[WhiteElo "2460"]
[BlackElo "2380"]

1.d4 Nf6 2.c4 e6 3.Nc3 Bb4 4.Qc2 O-O 5.a3 Bxc3+ 6.Qxc3 b6 7.e3 Bb7 8.b4 a5
9.b5 d6 10.Nf3 Nbd7 11.Be2 Ne4 12.Qc2 f5 13.Bb2 Rf6 14.c5 Bd5 15.Bc4 Bxc4
16.Qxc4 bxc5 17.dxc5 Rg6 18.cxd6 cxd6 19.O-O Rc8 20.Qe2 a4 21.Rac1 Ndc5 22.Rfd1 Qe7
23.Bd4 e5 24.Bxc5 Nxc5 25.b6 Qb7 26.Qc4+ Kh8 27.Qd5 Qxb6 28.Nxe5 dxe5 29.Rxc5 Rf8
30.Rb5 Qc7 31.Qxe5 Qc2 32.Rbd5 h6 33.h3 Kh7 34.Qf4 Rgf6 35.R5d3 Rb6 36.R3d2 Qb3
37.Qd4 Rff6 38.Rd3 Qb5 39.Qf4 Rbc6 40.Kh2 Rc2 41.Rd6 Rxd6 42.Rxd6 Ra2 43.Re6 Qd5
44.Re5 Qd7 45.Rxf5 Rxa3 46.Ra5 Qe8 47.Ra6 Ra1 48.Qf5+ Kh8 49.Qd5 Rb1 50.Rxa4  1-0

[Event "Svendborg"]
[Site "Svendborg"]
[Date "1981.??.??"]
[Round "4"]
[White "Farago, Ivan"]
[Black "Sloth, Jorn"]
[Result "1-0"]
[WhiteElo "2515"]
[BlackElo "2380"]

1.d4 Nf6 2.c4 e6 3.Nc3 Bb4 4.Qc2 O-O 5.a3 Bxc3+ 6.Qxc3 b6 7.Nf3 Bb7 8.b4 a5
9.Bb2 axb4 10.axb4 Ne4 11.Qb3 Rxa1+ 12.Bxa1 Nc6 13.Bb2 Qe7 14.Ba3 Ra8 15.e3 Nd8
16.Be2 b5 17.O-O bxc4 18.Bxc4 Bd5 19.Bxd5 exd5 20.Ra1 c6 21.h3 Qf6 22.b5 Rb8
23.b6 h6 24.Bb2 d6 25.Ra7 Qe6 26.Rc7 Nf6 27.Ba3 Ne8 28.Ne5 Rc8 29.Rd7 c5
30.b7 Rb8 31.Rxd8 Rxd8 32.Nc6  1-0

[Event "Baile Herculane zt"]
[Site "Baile Herculane"]
[Date "1982.??.??"]
[Round "1"]
[White "Radulov, Ivan"]
[Black "Velikov, Petar"]
[Result "1/2-1/2"]
[WhiteElo "2505"]
[BlackElo "2470"]

1.c4 Nf6 2.Nc3 e6 3.d4 Bb4 4.Qc2 O-O 5.Nf3 c5 6.dxc5 Na6 7.Bd2 Nxc5 8.e3 b6
9.Be2 Bb7 10.O-O Nce4 11.Nxe4 Bxe4 12.Bd3 Bxd3 13.Qxd3 Bxd2 14.Qxd2 d5 15.cxd5 Qxd5
16.Qxd5 Nxd5 17.Rac1  1/2-1/2

[Event "CUB-ch"]
[Site "?"]
[Date "1982.??.??"]
[Round "11"]
[White "Garcia Martinez, Silvino"]
[Black "Ortega, Lexy"]
[Result "1/2-1/2"]
[WhiteElo "2425"]
[BlackElo "2370"]

1.d4 Nf6 2.c4 e6 3.Nc3 Bb4 4.Qc2 O-O 5.a3 Bxc3+ 6.Qxc3 b6 7.Nf3 Bb7 8.e3 d6
9.Be2 Nbd7 10.b4 Ne4 11.Qc2 Ng5 12.Bb2 e5 13.dxe5 Nxf3+ 14.Bxf3 Bxf3 15.gxf3 Nxe5
16.f4 Nd7 17.Rg1 f6 18.Rg3 Rf7 19.Rh3 Nf8 20.O-O-O a5 21.b5 Qd7 22.Rh5 Qg4
23.Rhd5  1/2-1/2

[Event "Eksjo"]
[Site "Eksjo"]
[Date "1982.??.??"]
[Round "1"]
[White "Wedberg, Tom"]
[Black "Karlsson, Lars"]
[Result "0-1"]
[WhiteElo "2435"]
[BlackElo "2500"]

1.d4 Nf6 2.c4 e6 3.Nc3 Bb4 4.Qc2 O-O 5.a3 Bxc3+ 6.Qxc3 b6 7.Nf3 Bb7 8.b4 a5
9.Bb2 Ne4 10.Qb3 Qe7 11.b5 d6 12.e3 Nd7 13.Be2 f5 14.O-O Kh8 15.Rad1 e5 16.c5 bxc5
17.dxe5 d5 18.a4 Qe6 19.Qc2 c6 20.Ne1 cxb5 21.Bxb5 c4 22.f3 Nec5 23.f4 Bc6
24.Nf3 Bxb5 25.axb5 Ne4 26.Nd4 Qb6 27.Rf3 Ndc5 28.Rh3 Ne6 29.Ba3 Rf7 30.Nc6 Qxb5
31.Ne7 Qb3 32.Qe2 Rxe7 33.Bxe7 Nc3 34.Rxh7+ Kxh7 35.Qh5+ Kg8 36.Rf1 Ne4 37.g3 Qxe3+
38.Kg2 Qa7  0-1

[Event "Gausdal Int"]
[Site "Gausdal"]
[Date "1982.??.??"]
[Round "6"]
[White "Wedberg, Tom"]
[Black "Akesson, Ralf"]
[Result "1-0"]
[WhiteElo "2460"]
[BlackElo "2380"]

1.d4 Nf6 2.c4 e6 3.Nc3 Bb4 4.Qc2 O-O 5.a3 Bxc3+ 6.Qxc3 b6 7.Nf3 Bb7 8.b4 d6
9.Bb2 Nbd7 10.e3 a5 11.Be2 Ne4 12.Qb3 axb4 13.axb4 Rxa1+ 14.Bxa1 Ng5 15.d5 exd5
16.cxd5 Qa8 17.Qc3 Nxf3+ 18.gxf3 f6 19.O-O c5 20.dxc6 Bxc6 21.e4 d5 22.b5 Bb7
23.Qc7 Rf7 24.Bd4 Qa2 25.Bd1 Nf8 26.Qc3 Ne6 27.Bxb6 Nf4 28.Re1 Qb1 29.Qb3 Qa1
30.Be3 Qe5 31.Bxf4 Qxf4 32.Qe3 Qh4 33.exd5 Bxd5 34.Bb3 Qh5 35.Qe8+  1-0

[Event "Gausdal Int"]
[Site "Gausdal"]
[Date "1982.??.??"]
[Round "9"]
[White "Forintos, Gyozo V"]
[Black "Wedberg, Tom"]
[Result "1/2-1/2"]
[WhiteElo "2410"]
[BlackElo "2460"]

1.d4 Nf6 2.c4 e6 3.Nc3 Bb4 4.Qc2 O-O 5.a3 Bxc3+ 6.Qxc3 b6 7.Bg5 Bb7 8.f3 d5
9.e3 Nbd7 10.cxd5 exd5 11.Bd3 Re8 12.Bf5 Nf8 13.Nh3 Ne6 14.Bxe6 Rxe6 15.O-O h6
16.Bh4 Qe7 17.Rfe1 g5 18.Bf2 Ne8 19.Bg3 Rc8 20.Nf2 Ng7 21.Qd3 c5 22.Rac1 c4
23.Qc3 Nf5 24.Nd1 Re8 25.Bf2 Bc6 26.b3 b5 27.Rb1 Qxa3 28.bxc4 Qxc3 29.Nxc3 bxc4
30.e4 Ne7 31.Ra1 Ra8 32.Ra5 Rd6 33.h4 g4 34.h5 Bb7 35.Bh4 Nc6 36.Rxd5 Rxd5
37.exd5 Nxd4 38.Re7 Bxd5 39.Rd7 Nf5 40.Rxd5 Nxh4 41.fxg4 Rb8 42.Nd1 c3 43.Nxc3 Rb2
44.Kh2 Nxg2 45.Rd8+ Kg7 46.Nd1 Ra2 47.Kg3 a5 48.Re8 a4 49.Re4 Ra1  1/2-1/2

[Event "URS-ch sf"]
[Site "Ivano Frankovsk"]
[Date "1982.??.??"]
[Round "?"]
[White "Smagin, Sergey"]
[Black "Lerner, Konstantin Z"]
[Result "0-1"]
[WhiteElo "2270"]
[BlackElo "2500"]

1.d4 Nf6 2.c4 e6 3.Nc3 Bb4 4.Qc2 O-O 5.Nf3 c5 6.dxc5 Na6 7.a3 Bxc3+ 8.Qxc3 Nxc5
9.b4 Nce4 10.Qd4 d6 11.Ng5 e5 12.Qd3 Bf5 13.Qb3 d5 14.cxd5 Rc8 15.Nxe4 Bxe4
16.f3 Bc2 17.Qb2 Qxd5 18.Be3 b6 19.Rc1 Rfd8 20.g3 Bf5 21.Kf2 Rxc1 22.Qxc1 Rc8
23.Qa1 Rc2 24.Bg2 Ng4+ 25.fxg4 Rxe2+ 26.Kxe2 Qxg2+ 27.Bf2 Qe4+ 28.Be3 Qg2+
29.Bf2 Bxg4+ 30.Kd3 Qf3+ 31.Be3 Qe2+ 32.Kc3 Qxe3+ 33.Kc2 Bf5+ 34.Kd1 Qf3+
35.Kd2 Qf2+ 36.Kd1 Qf3+ 37.Kd2 Qd3+ 38.Ke1 Qe3+ 39.Kd1 h6 40.Rf1 Be6  0-1

[Event "Luzern ol (Men)"]
[Site "Luzern"]
[Date "1982.??.??"]
[Round "7"]
[White "Ree, Hans"]
[Black "Tarjan, James Edward"]
[Result "1/2-1/2"]
[WhiteElo "2490"]
[BlackElo "2520"]

1.d4 Nf6 2.c4 e6 3.Nc3 Bb4 4.Qc2 O-O 5.a3 Bxc3+ 6.Qxc3 b6 7.Nf3 Bb7 8.e3 d6
9.b4 Nbd7 10.Bb2 Ne4 11.Qc2 f5 12.Bd3 Ndf6 13.O-O Ng4 14.h3 Ngf6 15.Nd2 Nxd2
16.Qxd2 Ne4 17.Qe1 Qg5 18.f3 Ng3 19.Rf2 Rae8 20.Kh2 Nh5 21.Rc2 c5 22.bxc5 dxc5
23.dxc5 bxc5 24.f4 Qe7 25.Rd1 Rd8 26.Rcd2 Nf6 27.Be5 Bc6 28.Bc2 Rxd2 29.Qxd2 Rc8
30.Qa5 Ne4 31.Qa6 Qe8 32.Qxa7 Qg6 33.Bxe4 Bxe4 34.Rd2 h5 35.Qe7 Ra8 36.Qg5 Qxg5
37.fxg5 g6 38.Bf6  1/2-1/2

[Event "Luzern ol (Men)"]
[Site "Luzern"]
[Date "1982.??.??"]
[Round "10"]
[White "Arlandi, Ennio"]
[Black "Guerra, Jose Luis"]
[Result "1/2-1/2"]
[WhiteElo "2330"]
[BlackElo "2245"]

1.d4 Nf6 2.c4 e6 3.Nc3 Bb4 4.Qc2 O-O 5.a3 Bxc3+ 6.Qxc3 d6 7.Nf3 b6 8.b4 a5
9.Bb2 Nbd7 10.e3 Ne4 11.Qc2 f5 12.Bd3 Bb7 13.O-O Ng5 14.Nxg5 Qxg5 15.f4 Qg6
16.d5 Nf6 17.Rf3 Nh5 18.e4 axb4 19.exf5 exf5 20.axb4 Rxa1+ 21.Bxa1 b5 22.Re3 Qf7
23.cxb5 Nxf4 24.Rg3 Ng6 25.Rf3 f4  1/2-1/2